000 00873nam a2200217 i 4500
001 90590
003 ES-MaACL
005 20250809064503.0
007 t|
008 050121s1956 sp ||||1| spa d
100 1 _aLehmann, Heinrich.
_971332
245 1 0 _aTratado de derecho civil.
_nVol. I,
_pParte genera /
_cHeinrich Lehamnn ; traducción de la última edición alemana con notas de derecho español por José Mª Navas.
260 _aMadrid :
_bRevista de Derecho Privado,
_c[1956] (
_fGonzález)
300 _aXXIII, 707 p. ;
_c23 cm.
490 1 _aSerie C: Grandes tratados generales de derecho privado y público ;
_v39
650 0 7 _aDerecho civil
_2embne
_911656
700 1 _aNavas, José María.
_985201
830 0 0 _aGrandes tratados generales de derecho privado y público
_v39
_9233176
852 _aES-MaACL
_jP-752
999 _c90590
_d90590